Human Resource Management Text and Cases (Record no. 5360)

MARC details
000 -LEADER
fixed length control field 00346nam a2200145Ia 4500
008 - FIXED-LENGTH DATA ELEMENTS--GENERAL INFORMATION
fixed length control field 191201s2011 xx 000 0 und d
082 ## - DEWEY DECIMAL CLASSIFICATION NUMBER
Classification number 658.3
Item number RAH
100 ## - MAIN ENTRY--PERSONAL NAME
Personal name RAO,V.S.P
245 #0 - TITLE STATEMENT
Title Human Resource Management Text and Cases
250 ## - EDITION STATEMENT
Edition statement Rep
260 ## - PUBLICATION, DISTRIBUTION, ETC. (IMPRINT)
Place of publication, distribution, etc N.Delhi
Name of publisher, distributor, etc Excel Books
Date of publication, distribution, etc 2011
300 ## - PHYSICAL DESCRIPTION
Extent 839
650 ## - SUBJECT ADDED ENTRY--TOPICAL TERM
Topical term or geographic name as entry element MBA
942 ## - ADDED ENTRY ELEMENTS (KOHA)
Source of classification or shelving scheme Dewey Decimal Classification
Koha item type Text Books
942 ## - ADDED ENTRY ELEMENTS (KOHA)
-- 2
Holdings
Withdrawn status Lost status Source of classification or shelving scheme Damaged status Not for loan Collection code Home library Current library Date acquired Source of acquisition Cost, normal purchase price Bill Number Total Checkouts Full call number Acc. no. / Barcode Date last seen Bill Date Koha item type Date last borrowed Public note
    Dewey Decimal Classification     MBA PIET C-LIBRARY PIET C-LIBRARY 16/07/2012 IBH, New Delhi 395.00 5677   658.3 RAH 20083 04/12/2019 14/07/2012 Text Books    
    Dewey Decimal Classification     MBA PIET C-LIBRARY PIET C-LIBRARY 16/07/2012 IBH, New Delhi 395.00 5677   658.3 RAH 20084 04/12/2019 14/07/2012 Text Books    
    Dewey Decimal Classification     MBA PIET C-LIBRARY PIET C-LIBRARY 16/07/2012 IBH, New Delhi 395.00 5677 1 658.3 RAH 20085 02/07/2024 14/07/2012 Text Books 29/12/2023  
    Dewey Decimal Classification     MBA PIET C-LIBRARY PIET C-LIBRARY 16/07/2012 IBH, New Delhi 395.00 5677 2 658.3 RAH 20086 25/01/2024 14/07/2012 Text Books 11/01/2024  
    Dewey Decimal Classification     MBA PIET C-LIBRARY PIET C-LIBRARY 16/07/2012 IBH, New Delhi 395.00 5677 4 658.3 RAH 20087 27/03/2026 14/07/2012 Text Books 16/03/2026 .
    Dewey Decimal Classification     MBA PIET C-LIBRARY PIET C-LIBRARY 16/07/2012 IBH, New Delhi 395.00 5677   658.3 RAH 20088 04/12/2019 14/07/2012 Text Books    

Design & Developed by: PIET Central Library
R70 Miles Stone Pattikalyana Samalkha Panipat 132102
mail ID :- [email protected], Phone No:- 0180-2569700 Ex.216